INTRODUCTION TO PSYCHOLOGY (Record no. 216135)

MARC details
000 -LEADER
fixed length control field 00547nam a22001937a 4500
008 - FIXED-LENGTH DATA ELEMENTS--GENERAL INFORMATION
fixed length control field 251007b |||||||| |||| 00| 0 eng d
020 ## - INTERNATIONAL STANDARD BOOK NUMBER
International Standard Book Number 0-314-04450-7
050 ## - LIBRARY OF CONGRESS CALL NUMBER
Classification number BF121.66 1995
Item number C.1
100 ## - MAIN ENTRY--PERSONAL NAME
Personal name COON DENNIS
245 ## - TITLE STATEMENT
Title INTRODUCTION TO PSYCHOLOGY
250 ## - EDITION STATEMENT
Edition statement 7 EDITION
260 ## - PUBLICATION, DISTRIBUTION, ETC.
Place of publication, distribution, etc. West Pub. Co., Minneapolis/St. PauL
Name of publisher, distributor, etc. Minneapolis/St. Paul
Date of publication, distribution, etc. 1995
300 ## - PHYSICAL DESCRIPTION
Extent 729
500 ## - GENERAL NOTE
General note includes glossary, reference and index
650 ## - SUBJECT ADDED ENTRY
Topical term or geographic name entry element Psychology--Textbooks
700 ## - ADDED ENTRY--PERSONAL NAME
Personal name COON DENNIS
942 ## - ADDED ENTRY ELEMENTS (KOHA)
Source of classification or shelving scheme Library of Congress Classification
Koha item type Long Loan Book
Holdings
Withdrawn status Lost status Source of classification or shelving scheme Damaged status Not for loan Home library Current library Shelving location Date acquired Inventory number Total checkouts Barcode Date last seen Date last checked out Copy number Price effective from Koha item type
    Library of Congress Classification     Kisii University Library Kisii University Library On Display 10/07/2025 53593 1 005817 10/14/2025 10/07/2025 c.1 10/07/2025 Long Loan Book